Tratado breve sobre las ordenanzas de la villa de Madrid y política de ella / (Record no. 135334)

MARC details
000 -LEADER
campo de control de longitud fija 00793nam a2200229 i 4500
001 - NÚMERO DE CONTROL
campo de control 135334
003 - IDENTIFICADOR DE NÚMERO DE CONTROL
campo de control ES-MaACL
005 - FECHA Y HORA DE LA ÚLTIMA TRANSACCIÓN
campo de control 20230906194847.0
007 - CAMPO FIJO DE DESCRIPCIÓN FÍSICA--INFORMACIÓN GENERAL
campo de control de longitud fija t|
008 - DATOS DE LONGITUD FIJA--INFORMACIÓN GENERAL
campo de control de longitud fija 070716s1979 sp ||||1| spa d
080 ## - NÚMERO DE LA CLASIFICACIÓN DECIMAL UNIVERSAL
Número de la Clasificación Decimal Universal 352(464.1M.).077.6"1660"
100 1# - ENTRADA PRINCIPAL--NOMBRE DE PERSONA
Nombre de persona Torija, Juan de.
9 (RLIN) 110641
245 10 - MENCIÓN DEL TÍTULO
Título Tratado breve sobre las ordenanzas de la villa de Madrid y política de ella /
Mención de responsabilidad, etc. Juan de Torija.
260 ## - PUBLICACIÓN, DISTRIBUCIÓN, ETC.
Lugar de publicación, distribución, etc. [Madrid] :
Nombre del editor, distribuidor, etc. Albatros,
Fecha de publicación, distribución, etc. 1979.
300 ## - DESCRIPCIÓN FÍSICA
Extensión 36, 1-154 p. ;
Dimensiones 17 cm.
500 ## - NOTA GENERAL
Nota general Índice.
534 ## - NOTA SOBRE LA VERSIÓN ORIGINAL
Frase introductoria Ed. facsímil de la ed. de:
Publicación, distribución, etc. del original Madrid : Antonio Pérez de Soto, 1760.
650 14 - PUNTO DE ACCESO ADICIONAL DE MATERIA--TÉRMINO DE MATERIA
Término de materia o nombre geográfico como elemento de entrada Construcción-
Subdivisión geográfica Madrid-
Subdivisión de forma Ordenanzas municipales.
9 (RLIN) 156394
650 #4 - PUNTO DE ACCESO ADICIONAL DE MATERIA--TÉRMINO DE MATERIA
Término de materia o nombre geográfico como elemento de entrada Urbanismo-
Subdivisión geográfica Madrid.
9 (RLIN) 143144
650 #4 - PUNTO DE ACCESO ADICIONAL DE MATERIA--TÉRMINO DE MATERIA
Término de materia o nombre geográfico como elemento de entrada Ordenanzas municipales-
Subdivisión geográfica Madrid.
9 (RLIN) 15743
852 ## - LOCALIZACIÓN
Ubicación ES-MaACL
Número de control de estantería A-10950
Holdings
Estatus retirado Estado de pérdida Estado de daño No para préstamo Biblioteca de origen Biblioteca actual Ubicación en estantería Fecha de adquisición Fuente de adquisición Total de préstamos Signatura topográfica completa Código de barras Visto por última vez Precio de reemplazo Tipo de ítem Koha
        Biblioteca del Ateneo de Madrid Biblioteca del Ateneo de Madrid Depósito 1 17/01/2008     A-10950 1140859 23/02/2023 23/02/2023 Libro impreso